Online katalóg knižníc regiónu Turca

Cesty za poznaním a objavmi (Record no. 21786)

MARC details
000 -LEADER
fixed length control field 02560cam a2200745 a 4500
001 - CONTROL NUMBER
control field 21786
003 - CONTROL NUMBER IDENTIFIER
control field VRT
005 - DATE AND TIME OF LATEST TRANSACTION
control field 20260309144246.0
008 - FIXED-LENGTH DATA ELEMENTS--GENERAL INFORMATION
fixed length control field 240313s2016 xo a a 000 0 slo
015 ## - NATIONAL BIBLIOGRAPHY NUMBER
National bibliography number SNBA2017/03
020 ## - INTERNATIONAL STANDARD BOOK NUMBER
International Standard Book Number 9788081079504
Qualifying information (viaz.)
039 #9 - LEVEL OF BIBLIOGRAPHIC CONTROL AND CODING DETAIL [OBSOLETE]
Level of rules in bibliographic description 202403131634
Level of effort used to assign nonsubject heading access points VLOAD
Level of effort used to assign subject headings 202201201858
Level of effort used to assign classification AUTHORITY
Level of effort used to assign subject headings 201911210806
Level of effort used to assign classification AUTHORITY
Level of effort used to assign subject headings 201801241239
Level of effort used to assign classification VLOAD
040 ## - CATALOGING SOURCE
Original cataloging agency ZKSE
Language of cataloging slo
Transcribing agency ZKSE
Modifying agency POKPOH
-- SNK
Description conventions AACR2
041 1# - LANGUAGE CODE
Language code of text/sound track or separate title slo
Language code of original eng
044 ## - COUNTRY OF PUBLISHING/PRODUCING ENTITY CODE
MARC country code xo
ISO country code SK
072 #7 - SUBJECT CATEGORY CODE
Subject category code 91
Subject category code subdivision Geografia ako veda. Výskum. Cestovanie
Source konspekt
072 #7 - SUBJECT CATEGORY CODE
Subject category code 0/9-053.2
Subject category code subdivision Literatúra pre deti a mládež (náučná)
Source konspekt
080 ## - UNIVERSAL DECIMAL CLASSIFICATION NUMBER
Universal Decimal Classification number 910.3/.4
Edition identifier 2011
080 ## - UNIVERSAL DECIMAL CLASSIFICATION NUMBER
Universal Decimal Classification number 520:001.891
Edition identifier 2011
080 ## - UNIVERSAL DECIMAL CLASSIFICATION NUMBER
Universal Decimal Classification number (0.05)
Edition identifier 2011
080 ## - UNIVERSAL DECIMAL CLASSIFICATION NUMBER
Universal Decimal Classification number (0.025.2)
Edition identifier 2011
080 ## - UNIVERSAL DECIMAL CLASSIFICATION NUMBER
Universal Decimal Classification number 910.4-051
Edition identifier 2011
080 ## - UNIVERSAL DECIMAL CLASSIFICATION NUMBER
Universal Decimal Classification number 910.3/.4-051
Edition identifier 2011
080 ## - UNIVERSAL DECIMAL CLASSIFICATION NUMBER
Universal Decimal Classification number (084.11)
Edition identifier 2011
100 1# - MAIN ENTRY--PERSONAL NAME
Personal name Bone, Emily
Relationship aut
240 10 - UNIFORM TITLE
Uniform title See inside - exploration and discovery
Language of a work Slovensky
245 10 - TITLE STATEMENT
Title Cesty za poznaním a objavmi
Remainder of title vyše 70 otváracích okienok
Statement of responsibility, etc. napísala Emily Bone ; ilustroval Steve Scott ; [preklad Jitka Madarásová]
250 ## - EDITION STATEMENT
Edition statement 1. slov. vyd.
260 ## - PUBLICATION, DISTRIBUTION, ETC.
Place of publication, distribution, etc. Bratislava
Name of publisher, distributor, etc. Svojtka & Co.
Date of publication, distribution, etc. 2016
300 ## - PHYSICAL DESCRIPTION
Extent 14 s.
Other physical details fareb. ilustr.
Dimensions 29 cm
490 1# - SERIES STATEMENT
Series statement Pozri sa pod okienko
500 ## - GENERAL NOTE
General note Kartónové listy s odklápacími okienkami
500 ## - GENERAL NOTE
General note Názov z obalu
521 1# - TARGET AUDIENCE NOTE
Target audience note Pre deti od 3 rokov
650 07 - SUBJECT ADDED ENTRY--TOPICAL TERM
Topical term or geographic name entry element objavné cesty
Source of heading or term SNKPH
650 07 - SUBJECT ADDED ENTRY--TOPICAL TERM
Topical term or geographic name entry element cestovatelia
Source of heading or term SNKPH
650 07 - SUBJECT ADDED ENTRY--TOPICAL TERM
Topical term or geographic name entry element moreplavci
Source of heading or term SNKPH
650 07 - SUBJECT ADDED ENTRY--TOPICAL TERM
Topical term or geographic name entry element kozmický výskum
Source of heading or term SNKPH
650 07 - SUBJECT ADDED ENTRY--TOPICAL TERM
Topical term or geographic name entry element Exploring voyages
Source of heading or term SNKPHeng
650 07 - SUBJECT ADDED ENTRY--TOPICAL TERM
Topical term or geographic name entry element Travellers
Source of heading or term SNKPHeng
650 07 - SUBJECT ADDED ENTRY--TOPICAL TERM
Topical term or geographic name entry element Sailors
Source of heading or term SNKPHeng
650 07 - SUBJECT ADDED ENTRY--TOPICAL TERM
Topical term or geographic name entry element Space research
Source of heading or term SNKPHeng
655 #7 - INDEX TERM--GENRE/FORM
Genre/form data or focus term publikácie pre deti
Source of term SNKPH
655 #7 - INDEX TERM--GENRE/FORM
Genre/form data or focus term leporelá
Source of term SNKPH
655 #7 - INDEX TERM--GENRE/FORM
Genre/form data or focus term Children's literature
Source of term SNKPHeng
655 #7 - INDEX TERM--GENRE/FORM
Genre/form data or focus term Picture books for children
Source of term SNKPHeng
655 #7 - INDEX TERM--GENRE/FORM
Genre/form data or focus term obrazové publikácie
Source of term SNKPH
655 #7 - INDEX TERM--GENRE/FORM
Genre/form data or focus term Pictorial works
Source of term SNKPHeng
700 1# - ADDED ENTRY--PERSONAL NAME
Personal name Scott, Stephen
Relationship ill
700 1# - ADDED ENTRY--PERSONAL NAME
Personal name Madarásová, Jitka
Relationship trl
830 #0 - SERIES ADDED ENTRY--UNIFORM TITLE
Uniform title Pozri sa pod okienko
910 ## - USER-OPTION DATA (OCLC)
User-option data sezk
910 ## - USER-OPTION DATA (OCLC)
User-option data pokpoh
910 ## - USER-OPTION DATA (OCLC)
User-option data sllk
910 ## - USER-OPTION DATA (OCLC)
User-option data savuk
910 ## - USER-OPTION DATA (OCLC)
User-option data snk
910 ## - USER-OPTION DATA (OCLC)
User-option data vthk
942 ## - ADDED ENTRY ELEMENTS (KOHA)
Source of classification or shelving scheme Dewey Decimal Classification
Koha item type Krásna literatúra pre deti
Suppress in OPAC No
949 ## - LOCAL PROCESSING INFORMATION (OCLC)
6 270001000533708
a svkbbC 61796
b svkbbm 766040
949 ## - LOCAL PROCESSING INFORMATION (OCLC)
6 17A1254084
a snkSB 91297
b snk2017/5376
o 1/17
949 ## - LOCAL PROCESSING INFORMATION (OCLC)
6 17A1254085
a snkSB 91297 D1
b snk2017/5377
o 1/17
949 ## - LOCAL PROCESSING INFORMATION (OCLC)
6 2889320802
a savukPV 23382
b savuk2017/437
949 ## - LOCAL PROCESSING INFORMATION (OCLC)
6 273K0628974
a svkpoC 58725
b svkpo623588
Holdings
Stav vyradenia Strata Poškodenie Spôsob nadobudnutia Domovská knižnica Aktuálna knižnica Dátum nadobudnutia Total checkouts Čiarový kód exemplára Date last seen Typ exemplára
      Dar Obecná knižnica Turčianska Štiavnička Obecná knižnica Turčianska Štiavnička 09.03.2026   4738000389 09.03.2026 Krásna literatúra pre deti
Projekt je podporený Slovenskou asociáciou knižníc
Prevádzkuje Turčianska knižnica Martin 2026